Catálogo
Digital

Catálogo
Digital

Ecuador Debate N°68. Jóvenes y Juventudes (Record no. 13502)

MARC details
000 -CABECERA
campo de control de longitud fija 02340nam a2200409 4500
003 - IDENTIFICADOR DEL NÚMERO DE CONTROL
campo de control EC-UNACH
005 - FECHA Y HORA DE LA ÚLTIMA TRANSACCIÓN
campo de control 20250526173913.0
006 - CÓDIGOS DE INFORMACIÓN DE LONGITUD FIJA--CARACTERÍSTICAS DEL MATERIAL ADICIONAL
campo de control de longitud fija s||||gr|||| 00| 00
008 - DATOS DE LONGITUD FIJA--INFORMACIÓN GENERAL
campo de control de longitud fija 150116t9999 mx r gr 000 0 spa d
020 ## - NÚMERO INTERNACIONAL ESTÁNDAR DEL LIBRO
Número Internacional Estándar del Libro 10121498
040 ## - FUENTE DE LA CATALOGACIÓN
Centro catalogador/agencia de origen EC-UNACH
Centro/agencia transcriptor EC-UNACH
041 ## - CÓDIGO DE LENGUA
Código de lengua del texto/banda sonora o título independiente spa
082 04 - NÚMERO DE LA CLASIFICACIÓN DECIMAL DEWEY
Número de edición 23
Número de clasificación 300
Número de documento/Ítem L017725
110 ## - ENTRADA PRINCIPAL--NOMBRE DE ENTIDAD CORPORATIVA
Nombre de entidad corporativa o nombre de jurisdicción como elemento de entrada Centro Andino de Acción Popular (CAAP)
245 ## - MENCIÓN DE TÍTULO
Título Ecuador Debate N°68. Jóvenes y Juventudes
250 ## - MENCIÓN DE EDICIÓN
Mención de edición Primera edición
260 ## - PUBLICACIÓN, DISTRIBUCIÓN, ETC. (PIE DE IMPRENTA)
Lugar de publicación, distribución, etc. Quito - Ecuador
Nombre del editor, distribuidor, etc. CAAP
Fecha de publicación, distribución, etc. 2006
264 ## - Producción, publicación, distribución, fabricación y copyright
Lugar de producción, publicación, distribución, fabricación Quito - Ecuador
Nombre del de productor, editor, distribuidor, fabricante CAAP
Fecha de de producción, publicación, distribución, fabricación o copyright 2006
300 ## - DESCRIPCIÓN FÍSICA
Extensión 262 páginas
Otras características físicas Cuadros, Tablas
Dimensiones 14,5 X 21 cm
505 ## - NOTA DE CONTENIDO CON FORMATO
Nota de contenido con formato COYUNTURA.- El Mercosur y su encrucijada: entre la disolución y un replanteo radical. De hojas de ruta a vericuetos: la reforma política en el Ecuador post-abril. Conflictividad socio-político: Marzo - Junio 2006. -- TEMA CENTRAL.- Los jóvenes en el Ecuador. Comprender lo joven. Sublimación y condena: los desencuentros del discurso. Jóvenes y territorios urbanos: la noche en el centro paceño. Política vieja vs, sociedad joven. Encuentro y desencuentro entre jóvenes y viejos en los cargos de autoridad. Juventud, participación y ciudadanía. Reflexiones para la construcción del movimiento juvenil. -- DEBATE AGRARIO-RURAL.- Inmigración de pueblos indígenas a España. Los Saraguro en el Municipio de Vera (Almería) . -- ANÁLISIS.- "Mas ciudad", menos ciudadanía, renovación urbana y aniquilación del espacio público en Guayaquil. Salvador Allende, narcisismo, crisis y bancarrota de la Izquierda chilena de los años 1970. Viabilidad de la aplicación del derecho autonómico en la realidad ecuatoriana. Reflexiones en torno a la migración internacional. – RESEÑAS.- El Gran Ausente: Biografía de Velasco Ibarra.
650 ## - PUNTO DE ACCESO ADICIONAL DE MATERIA--TÉRMINO DE MATERIA
Término de materia o nombre geográfico como elemento inicial MERCOSUR
650 ## - PUNTO DE ACCESO ADICIONAL DE MATERIA--TÉRMINO DE MATERIA
Término de materia o nombre geográfico como elemento inicial REFORMA POLÍTICA EN EL ECUADOR
650 ## - PUNTO DE ACCESO ADICIONAL DE MATERIA--TÉRMINO DE MATERIA
Término de materia o nombre geográfico como elemento inicial INMIGRACIÓN DE PUEBLOS INDÍGENAS
650 ## - PUNTO DE ACCESO ADICIONAL DE MATERIA--TÉRMINO DE MATERIA
Término de materia o nombre geográfico como elemento inicial DERECHO AUTONÓMICO
650 ## - PUNTO DE ACCESO ADICIONAL DE MATERIA--TÉRMINO DE MATERIA
Término de materia o nombre geográfico como elemento inicial MIGRACIÓN INTERNACIONAL
700 ## - PUNTO DE ACCESO ADICIONAL--NOMBRE DE PERSONA
Nombre de persona Hurtado Arroba, Edison
700 ## - PUNTO DE ACCESO ADICIONAL--NOMBRE DE PERSONA
Nombre de persona Rapoport, Mario
700 ## - PUNTO DE ACCESO ADICIONAL--NOMBRE DE PERSONA
Nombre de persona Barrientos, Alejandro
700 ## - PUNTO DE ACCESO ADICIONAL--NOMBRE DE PERSONA
Nombre de persona Quisbert, Máximo
942 ## - ELEMENTOS DE PUNTO DE ACCESO ADICIONAL (KOHA)
Fuente del sistema de clasificación o colocación Clasificación Decimal Dewey
Tipo de ítem Koha Libros
999 ## - NÚMEROS DE CONTROL DE SISTEMA (KOHA)
Koha biblionumber 13502
Holdings
Estado de pérdida Fuente del sistema de clasificación o colocación Estado dañado No para préstamo Localización permanente Ubicación/localización actual Ubicación en estantería Fecha de adquisición Fuente de adquisición Número de inventario Total de préstamos Signatura topográfica completa Código de barras Fecha visto por última vez Precio válido a partir de Tipo de ítem Koha Centro de costos
  Clasificación Decimal Dewey     Biblioteca Campus Norte Biblioteca Campus Norte Facultad de Ciencias Políticas y Administrativas - Generalidades 10/04/2025 Donación CAAP 39648902   300 CEN L017725 L017725 10/04/2025 10/04/2025 Libros  

Powered by Koha